000 00408nam a2200145Ia 4500
008 210210b1975 xxu||||| |||| 00| 0 eng d
020 _a0 275 85130 7
082 _a300.72 ZITM
100 _aZITO (George V).
245 _aMethodology and meanings. varieties of sociological inquiry.
260 _aNew York.
_bPraeger Publishers.,
_c1975
300 _axii,175
690 _aSocial Research
906 _a040880
999 _c90803
_d90803